LEADER 01109nam a22002411i 4500 001 991001841209707536 005 20030430062315.0 008 030925s1969 gw |||||||||||||||||fre 035 $ab12205126-39ule_inst 035 $aARCHE-025280$9ExL 040 $aBiblioteca Interfacoltà$bita$cA.t.i. Arché s.c.r.l. Pandora Sicilia s.r.l. 100 1 $aGhellinck, Joseph :$cde$0180657 245 10$aLitterature latine au Moyen age :$bzwei Bande in einem Band : 1. Depuis les origines jusqu'a la fin de la Renaissance carolingienne ; 2. De la Renaissance carolingienne a Saint Anselme /$cJ. de Ghellinck 250 $aRist. anast. 260 $aHildesheim :$bOlms,$c1969 300 $a2 v. in 1 (191, 190 p.) ;$c22 cm 500 $aRist. anast. dell'ed.: Paris : Librairie Bloud & Gay, 1939. 907 $a.b12205126$b02-04-14$c08-10-03 912 $a991001841209707536 945 $aLE002 Lat. II G 21$g1$i2002000034601$lle002$o-$pE0.00$q-$rl$s- $t0$u0$v0$w0$x0$y.i12581987$z08-10-03 996 $aLitterature latine au Moyen age$9132436 997 $aUNISALENTO 998 $ale002$b08-10-03$cm$da $e-$ffre$ggw $h0$i1 LEADER 00956nam a22002773i 4500 001 991002442469707536 005 20040316182422.0 008 040407s1972 it |||||||||||||||||ita 035 $ab12923503-39ule_inst 035 $aARCHE-090311$9ExL 040 $aDip.to Scienze Storiche$bita$cA.t.i. Arché s.c.r.l. Pandora Sicilia s.r.l. 082 04$a289 100 1 $aTranfo, Luigi$0143251 245 10$aBianchi e negri :$bsaggi di acculturazione africana /$cLuigi Tranfo 260 $a[Palermo] :$bPalumbo,$c1972 300 $a147 p. ;$c22 cm 440 0$aProblemi-libri 650 4$aKimbanguismo 650 4$aKangu-Benza 651 4$aLiberia 907 $a.b12923503$b02-04-14$c16-04-04 912 $a991002442469707536 945 $aLE009 STOR.93-55$g1$i2009000250871$lle009$o-$pE0.00$q-$rl$s- $t0$u0$v0$w0$x0$y.i13496402$z16-04-04 996 $aBianchi e negri$9304645 997 $aUNISALENTO 998 $ale009$b16-04-04$cm$da $e-$fita$git $h0$i1